Cities from 'A' by Images - Statistics

General Stats
  • This quiz has been taken 28 times
  • The average score is 6 of 16
Answer Stats
Picture Answer % Correct
Abu Dhabi
74%
Atlanta
74%
Auckland
61%
Antwerp
57%
Adelaide
52%
Algiers
48%
Amman
43%
Alexandria
39%
Alicante
39%
Abidjan
35%
Aachen
30%
Antalya
17%
Asmara
17%
Amritsar
13%
Anapolis
4%
Asahikawa
0%
No matching quizzes found
Score Distribution
Percent of People with Each Score
Percentile by Number Answered
Your Score History
You have not taken this quiz